| 000 | 00419nam a2200193Ia 4500 | ||
|---|---|---|---|
| 008 | 240509s9999 xx 000 0 und d | ||
| 020 | _a9789550980000 | ||
| 041 | _asih | ||
| 082 | _a891.483 | ||
| 082 | _bM17 | ||
| 100 | _aMASIMBULA,M.P. | ||
| 245 | 0 | _aSenkottan | |
| 260 | _bSri Lanka,Santhava Publishers | ||
| 260 | _c2013 | ||
| 300 | _a168 p. | ||
| 650 | _aSinhala Novel | ||
| 942 | _2ddc | ||
| 942 | _cLBK | ||
| 999 |
_c23285 _d23285 |
||
| 945 |
_a1 _bMadushi Gamage _c1 _dMadushi Gamage |
||